000 00690cab a2200253 4500
001 ABS57399
008 090401t1997 xxu||||| |||| 00| 0 eng d
035 _a(Sirsi) u79840
041 _aeng
100 _aBrett, M.
245 _aBudget balance
260 _c1997
350 _a0
490 _aEstates Gazette
_v(9729) 19 July 1997, 57(1)
520 _aCalculates the impact of the June 1997 Budget changes to the corporate tax system by comparing pre and post Budget examples.
650 _aBUDGET 1997
650 _aCOMPANY TAXATION
650 _aPENSION FUNDS
650 _aPROFIT
650 _aPROPERTY TAX
690 _aTAXATION
942 _n0
948 _c24/07/1997
999 _c50235
_d50235